00479nam a2200193 a 4500001001300000003000900013005001700022008004100039020001000080082001500090100001800105245002300123260003200146300000900178500003500187505001000222650003500232700001800267nice12345678IN_TiNIC20260116012149.0050524s1955 enga grp 000 0 eng  ac7.600a268.6bTRE aTrent, Robert aYour Child and God aEnglandbArthur Jamesc1955 a189p aincludes index and biblioraphy2 aIndex aChristian Education & Training1 aTrent, Robert